Vyhodnotenie plnenia úloh vyplývajúcich z lisabonskej stratégie
Zamestnanosť a sociálna súdržnosť. Krátkodobé opatrenie do roku 2005. Aktuálny stav plnenia úlohy. Plánované opatrenia. Pokračovanie v ďalšom čísle.
Gespeichert in:
| Format: | Buchkapitel |
|---|---|
| Sprache: | Slowakisch |
| Schlagworte: | |
| Tags: |
Keine Tags, Fügen Sie das erste Tag hinzu!
|
MARC
| LEADER | 00000naa$a2200000$$$4500 | ||
|---|---|---|---|
| 001 | 0029383 | ||
| 005 | 20231016084034.2 | ||
| 041 | 0 | |a slo | |
| 044 | |a SK | ||
| 245 | 1 | 0 | |a Vyhodnotenie plnenia úloh vyplývajúcich z lisabonskej stratégie |
| 520 | |a Zamestnanosť a sociálna súdržnosť. Krátkodobé opatrenie do roku 2005. Aktuálny stav plnenia úlohy. Plánované opatrenia. Pokračovanie v ďalšom čísle. | ||
| 610 | 2 | 0 | |a zamestnanosť |
| 610 | 2 | 0 | |a opatrenia |
| 610 | 2 | 0 | |a plánovanie |
| 610 | 2 | 0 | |a práca nelegálna |
| 610 | 2 | 0 | |a legislatíva |
| 610 | 2 | 0 | |a bezpečnosť práce |
| 610 | 2 | 0 | |a ženy |
| 610 | 2 | 0 | |a miesta pracovné |
| 610 | 2 | 0 | |a kvalita |
| 610 | 2 | 0 | |a Slovensko |